| 000 -LEADER |
| fixed length control field |
00605cam a2200169 a 4500 |
| 020 ## - INTERNATIONAL STANDARD BOOK NUMBER |
| ISBN |
9711041138 |
| 040 ## - CATALOGING SOURCE |
| Transcribing agency |
UIU |
| 082 ## - DEWEY DECIMAL CLASSIFICATION NUMBER |
| Classification number |
633 BAN 1983 |
| 110 2# - MAIN ENTRY--CORPORATE NAME |
| Corporate name or jurisdiction name as entry element |
International Rice Research Institute. |
| 245 10 - TITLE STATEMENT |
| Title |
IRRI alumni book 1962-80 / |
| 260 ## - PUBLICATION, DISTRIBUTION, ETC. (IMPRINT) |
| Place of publication |
Los Banos, Laguna, Philippines : |
| Name of publisher |
The Institute, |
| Year of publication |
1983. |
| 300 ## - PHYSICAL DESCRIPTION |
| Number of Pages |
xiii, 662 p. : |
| Other physical details |
ports. ; |
| Dimensions |
23 cm. |
| 500 ## - GENERAL NOTE |
| General note |
Includes index. |
| 520 ## - SUMMARY, ETC. |
| Summary, etc |
Presents brief biographical data, photographs, and current addresses of all trainees, scholars, and fellows of the Institute from 1962 to December 1980. |
| 650 #0 - SUBJECT ADDED ENTRY--TOPICAL TERM |
| Topical Term |
Agriculturists |
| 942 ## - ADDED ENTRY ELEMENTS (KOHA) |
| Koha item type |
ADB |
| 952 ## - LOCATION AND ITEM INFORMATION (KOHA) |
| Withdrawn status [LOCAL, KOHA] |
0 |